000 01082cam a2200229 4500
001 ABS67139
008 031030n2003 000 0 eng u
035 _a(Sirsi) u124196
100 _aPriestley, R.
245 _aRestoration or castles in the air?
260 _c2003
490 _aJournal of the Law Society of Scotland
_v48(9) September 2003, 52(1)
520 _aExamines the system for preserving historic buildings in Scotland. Points out that important buildings in Scotland are protected by the Planning (Listed Buildings and Conservation Areas) (Scotland) Act 1997, which prevents their demolition or alteration or extension which changes its character. However, lack of funds may interfere with intentions to preserve historic buildings.
590 _aABS
650 _aPLANNING (LISTED BUILDINGS AND CONSERVATION AREAS)(SCOTLAND) ACT 1997
650 _aSCOTLAND
650 _aLISTED BUILDINGS
650 _aCONSERVATION AREAS.
690 _aBUILT ENVIRONMENT-BUILDING MAINTENANCE AND REFURBISHMENT-BUILDING CONSERVATION
700 _aMair, C.
942 _n0
999 _c73724
_d73724